000 00842nam a2200229Ii 4500
003 JO-AjNU
008 230605s9999||||xx |||||||||||||| ||und||
017 _a1980/3116
040 _aJO-AjNU
_bara
_erda
_cJO-AjNU
041 _aara
050 1 4 _aHN40.M6. A2264 1979
100 3 _aتأليف: عبود، عبدالغني,
_eauthor
_938930
245 0 0 _aالملامح العامة للمجتمع الاسلامي
250 _aط1
264 3 1 _aالقاهرة: دار الفكر العربي، 1979
300 _a185ص
_bيحتوي على ببلوغرافية من 171-185ص
336 _atext
_btxt
_2rdacontent
337 _aunmediated
_bn
_2rdamedia
338 _avolume
_bnc
_2rdacarrier
490 0 _aسلسلة الاسلام وتحديات العصر؛ 9
650 4 _a الإسلام والإصلاح الاجتماعي
_938931
999 _aA16399
_c19967
_d19967